Cách chinh phục toán và khoa học : Ngay cả khi bạn vừa trượt môn đại số =
Trình bày những phương pháp để nâng cao kỹ năng và kỹ thuật học tập hiệu quả trong môn toán và khoa học
Gardado en:
| Autor Principal: | |
|---|---|
| Formato: | Libro |
| Idioma: | Undetermined |
| Publicado: |
Hà Nội
Thế giới
2018
|
| Những chủ đề: | |
| Các nhãn: |
Engadir etiqueta
Sen Etiquetas, Sexa o primeiro en etiquetar este rexistro!
|
| Thư viện lưu trữ: | Trung tâm Học liệu Trường Đại học Cần Thơ |
|---|
| LEADER | 00840nam a2200217Ia 4500 | ||
|---|---|---|---|
| 001 | CTU_230670 | ||
| 008 | 210402s9999 xx 000 0 und d | ||
| 020 | |c 149000 | ||
| 082 | |a 510 | ||
| 082 | |b O.11 | ||
| 100 | |a Oakley, Barbara | ||
| 245 | 0 | |a Cách chinh phục toán và khoa học : | |
| 245 | 0 | |b Ngay cả khi bạn vừa trượt môn đại số = | |
| 245 | 0 | |c Barbara Oakley ; Trần Thị Minh Hiếu, Nguyễn Thị Kim Phụng (dịch) | |
| 260 | |a Hà Nội | ||
| 260 | |b Thế giới | ||
| 260 | |c 2018 | ||
| 520 | |a Trình bày những phương pháp để nâng cao kỹ năng và kỹ thuật học tập hiệu quả trong môn toán và khoa học | ||
| 650 | |a Toán học,Mathematics | ||
| 910 | |b nthai | ||
| 980 | |a Trung tâm Học liệu Trường Đại học Cần Thơ | ||